| 000 | | | 04069nmc2a22002773x 450 |
| 001 | | | 97dcce77-5337-4ac2-9ca1-0bad9093abc3 |
| 005 | | | 20210429201124.0 |
| 100 | ## | $a | 20210114l19071907k l0rusy0189 ca |
| 101 | 0# | $a | rus |
| 102 | ## | $a | RU |
| 105 | ## | $a | y### |
| 122 | 2# | $a | d |
| 200 | 1# | $a | Дело о школьной сети с кратким обзором состояния начального образования Аккерманского уезда Бессарабской губернии Одесского учебного округа |
| | $j | 1907 г. |
| 215 | ## | $a | 66 л. |
| | $d | 36,5х26 см |
| 251 | ## | $c | Дело |
| 300 | ## | $a | Печатное |
| 300 | ## | $a | Выпуск 7 |
| 300 | ## | $a | Приложение к докладу Управы: о введении всеобщего обучения в Бессарабии 39-ой очередной сессии |
| 300 | ## | $a | Издание Бессарабского губернского земства |
| 371 | ## | $a | Документ не является опубликованным и широко распространяемым |
| 461 | #0 | $1 | 001a74412a3-3cc5-4d21-8f0a-dfe2fbd9e72d |
| | $1 | 2001 |
| | $a | Департамент народного просвещения Министерства народного просвещения |
| | $1 | 251 |
| | $c | Фонд |
| | $1 | 852 |
| | $j | 733 |
| 462 | #0 | $1 | 00173c1669c-51d1-410e-a12d-e121acdd6a9e |
| | $1 | 2001 |
| | $a | Дела о школьных сетях и финансовые планы |
| | $1 | 251 |
| | $c | Опись |
| | $1 | 852 |
| | $j | 187 |
| 801 | #0 | $a | RU |
| | $b | РГИА |
| | $c | 20210114 |
| | $g | RCR |
| 801 | #1 | $a | RU |
| | $b | ГлавНИВЦ |
| | $c | 20210114 |
| | $2 | rusmarc |
| 801 | #2 | $a | RU |
| | $b | ПБ им. Б.Н. Ельцина |
| | $c | 20210429 |
| | $g | RCR |
| | $2 | rusmarc |
| 850 | ## | $a | РГИА |
| 852 | ## | $a | РГИА |
| | $e | Федеральное казенное учреждение "Российский государственный исторический архив" (РГИА) |
| | $j | 583 |
| 937 | ## | $h | РГИА |
| | $d | 12356555 |
| | $a | ASBIBLIO_SCAN |
| 035 | ## | $a | RusGRCC00021059 |
| 856 | ## | $u | http://readingroom.main.prlib.ru/item.aspx?id_node=n164018776&mode=full |